| 000 | 00411nam a2200193Ia 4500 | ||
|---|---|---|---|
| 999 |
_c35530 _d35530 |
||
| 001 | 1391 | ||
| 003 | GE_BSU | ||
| 005 | 20200207153744.0 | ||
| 008 | 181216s2000||||enk|||||||||||||| ||eng|| | ||
| 020 | _a0131816292 | ||
| 040 | _cGE_BSU | ||
| 080 | _a515.1 M-95 | ||
| 100 |
_aMunkeres, R.Yames. _96910 |
||
| 245 | _aTopology. | ||
| 264 | _c2000. | ||
| 300 | _a537 p. | ||
| 653 | _aTopology | ||
| 942 |
_cBK _2udc |
||